Cuerpo en una burbuja : (Registro nro. 7139)

Detalles MARC
000 -LIDER
fixed length control field 01012nam a2200289 a 4500
001 - NÚMERO DE CONTROL
Identificador de número de control 000011387
003 - IDENTIFICACDOR DE NÚMERO DE CONTROL
control field DO-SdBNP
005 - DATE AND TIME OF LATEST TRANSACTION
control field 20230512122506.0
007 - CAMPOS FIJOS DE DESCRIPCIÓN FÍSICA
fixed length control field 000011387
008 - ELEMENTOS DE LONGITUD FIJA
fixed length control field 091016s2006 dr a 000 p spa d
020 ## - ISBN
International Standard Book Number 9945427091
040 ## - FUENTE DE CATALOGACIÓN
Agencia que crea de manera original el registro BPMSU
Idioma de catalogación spa
Agencia que realiza la transcripción BPMSU
082 #4 - NÚMERO DE CLASIFICACIÓN DECIMAL DE DEWEY
Classification number RD861.44
Item number A197c 2006
Edition number 22
100 1# - ASIENTO PRINCIPAL -- NOMBRE PERSONAL
Nombre personal Adames, Julio,
Fechas asociadas con el nombre 1962-
245 10 - MENCIÓN DE TITULO
Título Cuerpo en una burbuja :
Subtítulo poesia infantil /
Mención de responsabilidad Julio Adames.
260 ## - PUBLICACIÓN, DISTRIBUCIÓN, ETC. (PIE DE IMPRENTA)
Lugar de publicación, distribución, etc Santo Domingo :
Nombre del editor, distribuidor, etc. Editora Nacional,
Fecha de publicación, distribución, etc 2006.
300 ## - DESCRIPCIÓN FÍSICA
Extensión 70 p. :
Otros detalles físicos il. ;
Dimensiones 23 cm.
490 0# - MENCIÓN DE SERIES
Mención de serie Premios nacional
500 ## - NOTA GENERAL
Nota general Incluye datos biográficos del autor en la solapa de la cubierta.
586 ## - AWARDS NOTE
Awards note Premio nacional de literatura infantil Aurora Tavárez Velliard 2006
590 ## - NOTA LOCAL
Enlace Inventariado, 2023/VM
650 #4 - ENCABEZAMIENTO DE MATERIA--TEMÁTICO
Término temático o nombre geográfico como elemento de entrada Poesía infantil dominicana
650 #4 - ENCABEZAMIENTO DE MATERIA--TEMÁTICO
Término temático o nombre geográfico como elemento de entrada Literatura infantil dominicana
856 ## - UBICACIÓN ELECTRÓNICA Y ACCESO
Materiales especificados Premios nacional
910 ## - VALIDACIÓN
Validación VMATEO V./Validado. Control de calidad MFF
942 ## - ADDED ENTRY ELEMENTS (KOHA)
Source of classification or shelving scheme Dewey Decimal Classification
Koha item type Libros
Existencias
Withdrawn status Lost status Source of classification or shelving scheme Damaged status Not for loan Collection code Home library Current library Date acquired Source of acquisition Full call number Barcode Date last seen Copy number Price effective from Koha item type
    Dewey Decimal Classification     Colección Infantil Dominicana Biblioteca Pública Metropolitana Salomé Ureña Biblioteca Pública Metropolitana Salomé Ureña 07/14/2014 compra BPMSU CD RD861.44 A197c 2006 BPMSU15040542 07/14/2014 e.2 07/14/2014 Libros
    Dewey Decimal Classification     Colección Dominicana Biblioteca Pública Metropolitana Salomé Ureña Biblioteca Pública Metropolitana Salomé Ureña 07/14/2014 compra BPMSU CD RD861.44 A197c 2006 BPMSU15040543 07/14/2014 07/14/2014 Libros
    Dewey Decimal Classification     Colección Infantil Dominicana Biblioteca Pública Metropolitana Salomé Ureña Biblioteca Pública Metropolitana Salomé Ureña 04/04/2018   BPMSU CD RD861.44 A197c 2006 BPMSU18040012 04/04/2018 e.3 04/04/2018 Libros